[Event "Commonwealth-ch"]
[Site "Nagpur"]
[Date "2008.10.06"]
[Round "11"]
[White "Ishwar, Ramteke"]
[Black "Jain, Mahesh Kumar"]
[Result "1/2-1/2"]
[WhiteElo "1741"]
[BlackElo "2011"]
[PlyCount "54"]
[EventDate "2008.09.28"]
[EventType "swiss"]
[EventRounds "11"]
[EventCountry "IND"]
[SourceTitle "CBM 126 Extra"]
[Source "ChessBase"]
[SourceDate "2008.11.05"]
[SourceVersion "1"]
[SourceVersionDate "2008.11.05"]
[SourceQuality "1"]

1. e4 e5 2. Nf3 Nc6 3. d4 exd4 4. Nxd4 Nf6 5. Nxc6 bxc6 6. f3 Be7 7. Nc3 Bb7 8. Bg5 0-0 9. Qd2 d6 10. 0-0-0 Nd7 11. Bxe7 Qxe7 12. Kb1 a5 13. g4 Ba6 14. h4 Bxf1 15. Rhxf1 Rab8 16. Ka1 Nc5 17. g5 a4 18. h5 a3 19. b3 Qe5 20. f4 Qe7 21. Qd4 Ne6 22. Qc4 c5 23. g6 Nd4 24. Rf2 Rb4 25. Nd5 Qe6 26. Nxb4 Qxc4 27. bxc4 cxb4 1/2-1/2

[Event "Commonwealth-ch"]
[Site "Nagpur"]
[Date "2008.09.30"]
[Round "4"]
[White "Ishwar, Ramteke"]
[Black "Mahapatra, Sidhant"]
[Result "1-0"]
[WhiteElo "1741"]
[BlackElo "1995"]
[PlyCount "131"]
[EventDate "2008.09.28"]
[EventType "swiss"]
[EventRounds "11"]
[EventCountry "IND"]
[SourceTitle "CBM 126 Extra"]
[Source "ChessBase"]
[SourceDate "2008.11.05"]
[SourceVersion "1"]
[SourceVersionDate "2008.11.05"]
[SourceQuality "1"]

1. e4 c5 2. Nf3 Nc6 3. d4 cxd4 4. Nxd4 Nf6 5. Nc3 d6 6. f3 e6 7. Be3 Be7 8. Qd2 d5 9. exd5 Nxd5 10. Nxd5 Qxd5 11. c4 Qe5 12. a3 0-0 13. Nxc6 bxc6 14. f4 Qc7 15. Bd3 e5 16. 0-0 Rd8 17. Qc2 h6 18. Kh1 Bb7 19. fxe5 Qxe5 20. Rae1 Bd6 21. Bh7+ Kh8 22. Bg1 Qh5 23. Be4 Re8 24. Bf3 Qh4 25. Rxe8+ Rxe8 26. b4 Re7 27. Rd1 Qf4 28. Qd3 Bc7 29. b5 Bc8 30. Bxc6 Bg4 31. Rf1 Qg5 32. Qd5 Qg6 33. Bxa7 Re5 34. Qd2 Be2 35. Re1 Bxc4 36. Rxe5 Bxe5 37. Bg1 Qf6 38. Qf2 Qd6 39. Qc5 Qe6 40. b6 Bd6 41. Qe3 Qxe3 42. Bxe3 Kg8 43. a4 Ba6 44. b7 Bb8 45. Bc5 Bc4 46. Kg1 f5 47. Kf2 Kf7 48. h3 Ke6 49. Ke3 g5 50. Kd4 Bf1 51. Bd5+ Kf6 52. Bf8 Ba7+ 53. Kc3 Ke5 54. Bc6 h5 55. Kb4 g4 56. hxg4 fxg4 57. Be7 Ke6 58. Bh4 Kd6 59. Be4 Ke5 60. Bf2 Bb8 61. Bg3+ Kxe4 62. Bxb8 Ba6 63. g3 Bxb7 64. Kc5 Ba6 65. Bc7 Kd3 66. a5 1-0

[Event "Mumbai Mayors Cup 1st"]
[Site "Mumbai"]
[Date "2008.05.15"]
[Round "6"]
[White "Ishwar, Ramteke"]
[Black "Das, Sayantan"]
[Result "0-1"]
[WhiteElo "1724"]
[BlackElo "2055"]
[PlyCount "88"]
[EventDate "2008.05.11"]
[EventType "swiss"]
[EventRounds "11"]
[EventCountry "IND"]
[SourceTitle "CBM 124 Extra"]
[Source "ChessBase"]
[SourceDate "2008.07.03"]
[SourceVersion "1"]
[SourceVersionDate "2008.07.03"]
[SourceQuality "1"]

1. e4 e5 2. Nf3 Nc6 3. d4 exd4 4. Nxd4 Bc5 5. Be3 Qf6 6. c3 Nge7 7. Be2 0-0 8. 0-0 d5 9. Nxc6 Qxc6 10. exd5 Nxd5 11. Bxc5 Qxc5 12. Nd2 Be6 13. Bf3 Rad8 14. Qc1 Qb6 15. Re1 c6 16. Ne4 h6 17. b3 Qa5 18. b4 Qc7 19. g3 Bc8 20. a3 f5 21. Nd2 f4 22. Bg2 Qf7 23. Nf3 Qf6 24. c4 Ne7 25. Qxf4 Qxf4 26. gxf4 Ng6 27. f5 Nf4 28. Nh4 Bxf5 29. Nxf5 Rxf5 30. Re3 Rg5 31. Rg3 Ne2+ 32. Kf1 Nxg3+ 33. hxg3 Rg4 34. c5 Rgd4 35. Bf3 Rd2 36. Kg2 Rf8 37. Re1 g5 38. a4 Rb2 39. b5 Rc2 40. Re4 Rxc5 41. bxc6 bxc6 42. Rb4 Rc2 43. Re4 Rd8 44. Rb4 Rdd2 0-1

[Event "Mumbai Mayors Cup 1st"]
[Site "Mumbai"]
[Date "2008.05.11"]
[Round "1"]
[White "Kiran, Manisha Mohanty"]
[Black "Ishwar, Ramteke"]
[Result "1-0"]
[WhiteElo "2261"]
[BlackElo "1724"]
[PlyCount "53"]
[EventDate "2008.05.11"]
[EventType "swiss"]
[EventRounds "11"]
[EventCountry "IND"]
[SourceTitle "CBM 124 Extra"]
[Source "ChessBase"]
[SourceDate "2008.07.03"]
[SourceVersion "1"]
[SourceVersionDate "2008.07.03"]
[SourceQuality "1"]

1. e4 e5 2. Nf3 d6 3. d4 exd4 4. Nxd4 Nf6 5. Nc3 Be7 6. Bc4 a6 7. a4 0-0 8. 0-0 c5 9. Nde2 Nc6 10. Nf4 h6 11. f3 Re8 12. Ncd5 Bf8 13. Kh1 Ne5 14. Ba2 Bd7 15. a5 Bc6 16. Nb6 Rb8 17. Bd2 Nfd7 18. Nxd7 Qxd7 19. Bc3 b5 20. axb6 Rxb6 21. Qd2 Kh8 22. Nd5 Rbb8 23. Ne3 g6 24. f4 Bxe4 25. fxe5 Bg7 26. Rxf7 Re7 27. e6 1-0